00763nai a2200193Ia 4500003000900000008004100009022002300050022002200073040001600095245007500111260008600186310001400272362002600286521006900312650002000381650005100401650002400452856009300476IN-BaIIA211028c9999 xx s 000 0 eng d a2469-7303 (Online) a2469-7311 (Print) cIIA Library 0aIEEE Transactions on Radiation and Plasma Medical Sciencesh[eJournal] aNew York, USAbThe Institute of Electrical and Electronics Engineers, Inc. (IEEE) aBimonthly a1(1); 2017 - Present  bSubscribed through National Knowledge Resource Consortium (NKRC) a Bioengineering a Engineered Materials, Dielectrics and Plasmas aNuclear Engineering uhttps://ieeexplore.ieee.org/servlet/opac?punumber=7433213yClick Here to Access eJournal